Little Eddy Hill : and other lessons of love.

Bibliographic Details
Format: Microform Book
Language:English
Published: Edinburgh : A. Hislop & Co., [1870?]
Series:Opie collection of children's literature ; 035:016.
Subjects:

MARC

Tag First Indicator Second Indicator Subfields
LEADER 00000cam a2200000Ia 4500
001 in00002559430
005 20151201154448.0
007 he amb---bacp
007 hz bhb---babp
008 051207s1870 stk b 000 0 eng d
035 |a (OCoLC)ocm62500572 
037 |a CL0021000035  |b ProQuest Information and Learning 300 N. Zeeb Rd., Ann Arbor, MI 48103-1553 
040 |a UMI  |c UMI  |d UtOrBLW 
049 |a UMIA 
090 |a PZ5  |b .O67 1990 no.035:016. 
245 0 0 |a Little Eddy Hill :  |b and other lessons of love. 
264 1 |a Edinburgh :  |b A. Hislop & Co.,  |c [1870?] 
264 3 |a Edinburgh :  |b Printed by R. Sanson 
300 |a 128, 4 pages 
336 |a text  |b txt  |2 rdacontent 
337 |a microform  |b h  |2 rdamedia 
338 |a microfiche  |b he  |2 rdacarrier 
500 |a Date of publication suggested by FHM in OCLC. 
500 |a Publisher's catalog on 4 pages at end. 
500 |a Reproduction of original in the Bodleian Library. 
510 4 |a Opie,  |c AA 1733 
533 |a Microfiche.  |b Ann Arbor, Mich. :  |c UMI,  |d 2000.  |e 2 microfiches ; 11 x 15 cm.  |f (Opie collection of children's literature ; 035:016).  |7 s2000 miun b 
500 |a Microform. 
650 0 |a Conduct of life  |v Juvenile fiction. 
830 0 |a Opie collection of children's literature ;  |v 035:016. 
994 |a 02  |b UMI 
999 |a MARS 
999 f f |s 46ad6dd1-afa4-3f27-b914-ba10c1883418  |i b74bdb80-42af-32e2-af20-3e40f930aafe  |t 0 
952 f f |a Texas A&M University  |b College Station  |c Sterling C. Evans Library  |d Evans: Microforms Fiche (3rd floor)  |t 0  |e PZ5 .O67 1990 no.035:016.  |h Library of Congress classification 
998 f f |a PZ5 .O67 1990 no.035:016.  |t 0  |l Evans: Microforms Fiche (3rd floor)